|
|
|
|
| LEADER |
00000cam a2200000 a 4500 |
| 001 |
vtls001460429 |
| 003 |
SK-MaSNL |
| 005 |
20260302024950.0 |
| 008 |
240226s2003 xo a grbhn 001 0bslo |
| 015 |
|
|
|a SNBSAB2003-00042
|
| 015 |
|
|
|a SNBA2003
|
| 020 |
|
|
|a 8089097006
|
| 035 |
|
|
|a SNK000415736
|
| 035 |
|
|
|a urn:nbn:sk:snk-am3ix07
|
| 035 |
|
|
|a 9E35E65B-9AE4-4246-849B-475F26B9B288
|
| 035 |
|
|
|a urn:nbn:sk:snk-am00g3v9
|
| 040 |
|
|
|a SNK
|b slo
|c SNK
|e AACR2
|
| 041 |
0 |
|
|a slo
|
| 043 |
|
|
|a e-xo---
|
| 044 |
|
|
|a xo
|c SK
|
| 072 |
|
7 |
|a 78.07
|x Hudobníci, skladatelia a iné hudobné povolania
|2 konspekt
|
| 072 |
|
7 |
|a 01
|x Bibliografia. Katalógy
|2 konspekt
|
| 080 |
|
|
|a 78.071.1-055.1
|2 2011
|
| 080 |
|
|
|a 929(092)
|2 2011
|
| 080 |
|
|
|a 012
|2 2011
|
| 080 |
|
|
|a (01)-048.58
|2 2011
|
| 080 |
|
|
|a (437.6)
|2 2011
|
| 245 |
0 |
0 |
|a Zoltán Kodály a Galanta
|b 1992-2002 : personálna bibliografia
|c zostavila: Judita Kontárová
|
| 250 |
|
|
|a [1. vydanie]
|
| 260 |
|
|
|a Galanta
|b Galantská knižnica
|c 2003
|
| 300 |
|
|
|a 20 nečíslovaných strán
|b fotografie
|c 21 x 15 cm
|e 1 obrazová príloha
|
| 366 |
|
|
|e 40 kusov
|
| 504 |
|
|
|a Obsahuje bibliografiu, usporiadanie abecedno-chronologicky, 103 záznamov s predmetovým heslom o článkoch a drobnej tlači ; autorský register
|
| 600 |
1 |
7 |
|a Kodály, Zoltán,
|d 1882-1967
|2 SNKMA
|9 214944
|
| 648 |
|
7 |
|a 1992-2002
|2 SNKPH
|9 302187
|
| 650 |
0 |
7 |
|a hudobní skladatelia
|2 SNKPH
|9 3188
|
| 651 |
|
7 |
|a Galanta (Slovensko)
|2 SNKPHgeo
|9 15687
|
| 655 |
|
7 |
|a biografie
|2 SNKPH
|9 27965
|
| 655 |
|
7 |
|a personálne bibliografie
|2 SNKPH
|9 70198
|
| 655 |
|
7 |
|a výberové bibliografie
|2 SNKPH
|9 70561
|
| 700 |
1 |
|
|a Kontárová, Judita,
|d 1956-
|4 com
|9 134012
|
| 919 |
|
|
|a 80-89097-00-6
|
| 958 |
|
|
|a BC
|
| 958 |
|
|
|a NB
|
| 958 |
|
|
|a PB
|
| 958 |
|
|
|a SF
|
| 958 |
|
|
|a OND
|
| 999 |
|
|
|c 1042413
|d 1044343
|
| 952 |
|
|
|t P60, <03>, [BOOK], {603}
|a SNK
|b SNK
|y PREZ
|7 0
|p 17A0398992
|o snkSC 113156
|i snkKSP 12542/2003
|0 0
|1 0
|4 0
|d 2003-09-29
|f 1
|l 0
|r 2025-10-02 00:00:00
|w 2026-02-24
|
| 952 |
|
|
|t P60, <04>, [BOOK], {604}
|a SNK
|b SNK
|y VYP
|7 0
|p 17A0398993
|o snkSC 113156 D1
|i snkKSP 12543/2003
|0 0
|1 0
|4 0
|d 2003-09-29
|l 0
|r 2005-01-02 00:00:00
|w 2026-02-24
|